Curbing corruption : (Record no. 13032)

MARC details
000 -LEADER
fixed length control field 00773nam a22002172 4500
001 - CONTROL NUMBER
control field 0000006981
005 - DATE AND TIME OF LATEST TRANSACTION
control field 20151217155831.0
008 - FIXED-LENGTH DATA ELEMENTS--GENERAL INFORMATION
fixed length control field 071105s xx 000 0 eng d
020 ## - INTERNATIONAL STANDARD BOOK NUMBER
International Standard Book Number 0821342576 :
Terms of availability KES 900
040 ## - CATALOGING SOURCE
Original cataloging agency KABU
Transcribing agency KABU
245 10 - TITLE STATEMENT
Title Curbing corruption :
Remainder of title toward a model for building national integrity /
Statement of responsibility, etc. ed. by Rick Stapenhurst and Sahr J. Kpundeh.
260 ## - PUBLICATION, DISTRIBUTION, ETC. (IMPRINT)
Place of publication, distribution, etc. Washington, D. C. :
Name of publisher, distributor, etc. World Bank,
Date of publication, distribution, etc. 1999.
300 ## - PHYSICAL DESCRIPTION
Extent x, 254 p.
650 #0 - SUBJECT ADDED ENTRY--TOPICAL TERM
Topical term or geographic name as entry element Political corruption.
-- 0000157976
650 #0 - SUBJECT ADDED ENTRY--TOPICAL TERM
Topical term or geographic name as entry element Political corruption
Location of event Africa, Sub-Saharan
General subdivision Case studies.
-- 0000157977
700 1# - ADDED ENTRY--PERSONAL NAME
Personal name Stapenhurst, Rick.
-- 0000157978
700 1# - ADDED ENTRY--PERSONAL NAME
Personal name Kpundeh, Sahr J.
-- 0000157979
908 ## - PUT COMMAND PARAMETER (RLIN)
Put command parameter 071105
950 ## - LOCAL HOLDINGS (RLIN)
-- 1
Holdings
Withdrawn status Lost status Source of classification or shelving scheme Not for loan Home library Current library Date acquired Total Checkouts Full call number Barcode Date last seen Date last checked out Price effective from Koha item type
    Library of Congress Classification   Kabarak, Main Campus Kabarak, Main Campus 17/12/2015 1 JF1081 .C87 012905 24/10/2016 28/09/2016 17/12/2015 Africana Collection
Designed with assistance from East African Informatics Ltd